Online Catalogue and eLibrary

Sigiri geeye samaja dakma (Record no. 5300)

MARC details
000 -LEADER
fixed length control field 00401nam a2200157Ia 4500
005 - DATE AND TIME OF LATEST TRANSACTION
control field 20250704033220.0
008 - FIXED-LENGTH DATA ELEMENTS--GENERAL INFORMATION
fixed length control field 240331s9999 xx 000 0 und d
020 ## - INTERNATIONAL STANDARD BOOK NUMBER
ISBN 9555910154
082 ## - DDC Classification
Item Number - Author Mark VIT
Class No. 954
100 ## - MAIN ENTRY--PERSONAL NAME
Personal name Vithana,G
245 #0 - TITLE STATEMENT
Title Sigiri geeye samaja dakma
260 ## - PUBLICATION, DISTRIBUTION, ETC.
Place of publication, distribution, etc. Colombo
Name of publisher, distributor, etc. Lassana Printers
Date of publication, distribution, etc. 1992
300 ## - PHYSICAL DESCRIPTION
Extent (e.g. Volumes, Pages etc.) 102 p .,
500 ## - GENERAL NOTE
General note The Social Vision Of the Sigiriya Song
942 ## - Koha item type (Biblio)
Koha item type Books in Stacks (Lending)
Holdings
Lost status Damaged status Collection code Home library Current library Shelving location Date acquired Full call number Accession Number Item type
    Lending WERC Library WERC Library Social Science Cupboard 03/31/2024 954.93 VIT 3343 Books in Stacks (Lending)

© WERC Library